[Event "4. Praha Open"]
[Site "Praha CZE"]
[Date "2005.01.16"]
[Round "3.5"]
[White "Skjoldborg, Jesper"]
[Black "Siebrecht, Sebastian"]
[Result "1-0"]
[WhiteElo "2274"]
[BlackElo "2408"]
[PlyCount "79"]
[EventDate "2005.01.14"]
[EventType "swiss"]
[EventRounds "9"]
[EventCountry "CZE"]
[Source "lmi"]
[SourceDate "2005.01.20"]

1. d4 Nf6 2. Nf3 c5 3. d5 b5 4. Bg5 Ne4 5. Bf4 Qa5+ 6. Nfd2 Qb4 7. Be5 d6 8. a3
Qa5 9. b4 cxb4 10. Bd4 Nf6 11. axb4 Qxb4 12. c3 Qb2 13. Na3 Nxd5 14. e4 Nc7 15.
Nxb5 Nxb5 16. Rb1 Nxc3 17. Bxc3 Qxc3 18. Rc1 Bg4 19. Be2 Qb4 20. Bxg4 e6 21.
Rb1 Qa5 22. O-O Be7 23. Nc4 Qc7 24. Qa4+ Qd7 25. Qa1 Bf6 26. e5 Qc6 27. Nxd6+
Qxd6 28. exf6 Nd7 29. Rfd1 Qf4 30. fxg7 Rg8 31. Bf3 Rc8 32. Qxa7 Rd8 33. Rxd7
Rxd7 34. Bc6 f6 35. Rb8+ Kf7 36. Qxd7+ Kg6 37. Qd3+ f5 38. Be8+ Kg5 39. Rc8 Qe5
40. Qd8+ 1-0

[Event "4. Praha Open"]
[Site "Praha CZE"]
[Date "2005.01.16"]
[Round "3.7"]
[White "Stross, Frantisek"]
[Black "Adler, Viktor"]
[Result "1/2-1/2"]
[WhiteElo "2255"]
[BlackElo "2399"]
[PlyCount "65"]
[EventDate "2005.01.14"]
[EventType "swiss"]
[EventRounds "9"]
[EventCountry "CZE"]
[Source "lmi"]
[SourceDate "2005.01.20"]

1. e4 c5 2. Nc3 e6 3. Nf3 d6 4. d4 cxd4 5. Nxd4 a6 6. f4 b5 7. Bd3 Bb7 8. Qf3
Nd7 9. O-O Ngf6 10. a3 h5 11. Kh1 Ng4 12. Bd2 Qb6 13. Nce2 Nc5 14. b4 Nxd3 15.
cxd3 Rc8 16. Rac1 Rxc1 17. Bxc1 Be7 18. Qg3 Bf6 19. Bb2 Nh6 20. Ba1 h4 21. Qh3
O-O 22. Rc1 e5 23. Nb3 Qd8 24. f5 Bg5 25. Re1 Qb6 26. Ng1 Qf2 27. Re2 Qf1 28.
Qf3 Qd1 29. Rb2 Qe1 30. Re2 Qd1 31. Rb2 Qe1 32. Re2 Qd1 33. Rb2 1/2-1/2

[Event "4. Praha Open"]
[Site "Praha CZE"]
[Date "2005.01.16"]
[Round "3.20"]
[White "Turner, Radek"]
[Black "Csala, Jan"]
[Result "1/2-1/2"]
[WhiteElo "2099"]
[BlackElo "2214"]
[PlyCount "69"]
[EventDate "2005.01.14"]
[EventType "swiss"]
[EventRounds "9"]
[EventCountry "CZE"]
[Source "lmi"]
[SourceDate "2005.01.20"]

1. c4 Nf6 2. Nc3 g6 3. g3 Bg7 4. Bg2 O-O 5. e4 d6 6. Nge2 c5 7. O-O Nc6 8. d3
a6 9. h3 Rb8 10. Rb1 b5 11. Nd5 e6 12. Nxf6+ Bxf6 13. Bh6 Bg7 14. Bxg7 Kxg7 15.
cxb5 Rxb5 16. d4 cxd4 17. Nxd4 Nxd4 18. Qxd4+ e5 19. Qd2 f5 20. Rfd1 Rf6 21.
Bf1 Rc5 22. b4 Rc7 23. f4 Re7 24. fxe5 Rxe5 25. exf5 Rexf5 26. Qd4 Qf8 27. Bg2
Re5 28. Rb2 Qe7 29. Rf1 Rxf1+ 30. Bxf1 Qg5 31. Kh2 Qf6 32. Rf2 Rf5 33. Qa7+ Qf7
34. Qd4+ Qf6 35. Qa7+ 1/2-1/2

[Event "4. Praha Open"]
[Site "Praha CZE"]
[Date "2005.01.16"]
[Round "3.29"]
[White "Kettenburg, Stefan"]
[Black "Janocko, Petr"]
[Result "1-0"]
[WhiteElo "2030"]
[BlackElo "2159"]
[PlyCount "58"]
[EventDate "2005.01.14"]
[EventType "swiss"]
[EventRounds "9"]
[EventCountry "CZE"]
[Source "lmi"]
[SourceDate "2005.01.20"]

1. d4 Nf6 2. c4 d5 3. Nc3 e6 4. cxd5 exd5 5. Bg5 Be7 6. Nf3 h6 7. Bh4 O-O 8.
Qc2 c6 9. e3 Nbd7 10. Bd3 Re8 11. O-O Nh5 12. Bxe7 Qxe7 13. Rab1 Nhf6 14. b4
Ne4 15. b5 Ndf6 16. bxc6 bxc6 17. Ne5 Nxc3 18. Qxc3 c5 19. Bb5 Ne4 20. Qa5 Rf8
21. Bc6 cxd4 22. exd4 Qg5 23. f4 Qf6 24. Bxa8 Ba6 25. Bxd5 Bxf1 26. Rxf1 Qd6
27. Nxf7 Rxf7 28. Bxf7+ Kxf7 29. Qxa7+ Kf8 1-0

[Event "4. Praha Open"]
[Site "Praha CZE"]
[Date "2005.01.16"]
[Round "3.32"]
[White "Petrak, Robert"]
[Black "Kindl, Frantisek"]
[Result "0-1"]
[WhiteElo "2148"]
[BlackElo "1968"]
[PlyCount "54"]
[EventDate "2005.01.14"]
[EventType "swiss"]
[EventRounds "9"]
[EventCountry "CZE"]
[Source "lmi"]
[SourceDate "2005.01.20"]

1. e3 Nf6 2. Ne2 b6 3. d4 Bb7 4. Nf4 e6 5. Be2 Bb4+ 6. c3 Be7 7. O-O O-O 8. Nd2
d5 9. Qc2 Ba6 10. Nd3 Nbd7 11. Re1 Ne4 12. Nxe4 dxe4 13. Nf4 Bxe2 14. Nxe2 Nf6
15. c4 c5 16. b3 Qc7 17. Bb2 Ng4 18. Qxe4 Qxh2+ 19. Kf1 Qh1+ 20. Ng1 Qh4 21.
Qc2 Nh2+ 22. Ke2 cxd4 23. Bxd4 Bf6 24. Nf3 Nxf3 25. Bxf6 Nxe1 26. Bxh4 Nxc2 27.
Rc1 Nb4 0-1

[Event "4. Praha Open"]
[Site "Praha CZE"]
[Date "2005.01.16"]
[Round "3.33"]
[White "Simkin, Alexander"]
[Black "Jaeger, Andre"]
[Result "0-1"]
[WhiteElo "1977"]
[BlackElo "2147"]
[PlyCount "50"]
[EventDate "2005.01.14"]
[EventType "swiss"]
[EventRounds "9"]
[EventCountry "CZE"]
[Source "lmi"]
[SourceDate "2005.01.20"]

1. e4 c5 2. Nf3 Nc6 3. d4 cxd4 4. Nxd4 Nf6 5. Nc3 e5 6. Ndb5 d6 7. Bg5 a6 8.
Na3 Be6 9. Nc4 Rc8 10. Ne3 Be7 11. Bxf6 Bxf6 12. Bd3 Bg5 13. Ncd5 Ne7 14. O-O
Bxd5 15. Nxd5 Nxd5 16. exd5 O-O 17. c4 f5 18. Qb3 e4 19. Be2 Bf4 20. Rab1 Rc7
21. f3 Qh4 22. h3 e3 23. Rfc1 Qg3 24. Bd3 Qh2+ 25. Kf1 Qh1+ 0-1

[Event "4. Praha Open"]
[Site "Praha CZE"]
[Date "2005.01.16"]
[Round "3.39"]
[White "Kucera, Tomas"]
[Black "Paldus, Petr"]
[Result "1-0"]
[WhiteElo "2008"]
[BlackElo "2111"]
[PlyCount "45"]
[EventDate "2005.01.14"]
[EventType "swiss"]
[EventRounds "9"]
[EventCountry "CZE"]
[Source "lmi"]
[SourceDate "2005.01.20"]

1. e4 e5 2. Nf3 Nc6 3. d4 exd4 4. c3 d5 5. exd5 Qxd5 6. cxd4 Bg4 7. Be2 O-O-O
8. Nc3 Qd7 9. Be3 Nf6 10. O-O Nd5 11. Nxd5 Qxd5 12. Qa4 Qa5 13. Qb3 Qd5 14. Bc4
Qh5 15. Bxf7 g6 16. Be6+ Kb8 17. Bxg4 Qxg4 18. Rac1 Kc8 19. d5 Nb8 20. Rxc7+
Kxc7 21. Rc1+ Nc6 22. dxc6 b6 23. Qf7+ 1-0

[Event "4. Praha Open"]
[Site "Praha CZE"]
[Date "2005.01.17"]
[Round "4.1"]
[White "Sergeeva, Maria"]
[Black "Simacek, Pavel"]
[Result "1-0"]
[WhiteElo "2312"]
[BlackElo "2432"]
[PlyCount "117"]
[EventDate "2005.01.14"]
[EventType "swiss"]
[EventRounds "9"]
[EventCountry "CZE"]
[Source "lmi"]
[SourceDate "2005.01.20"]

1. e4 e5 2. Nf3 Nc6 3. Bb5 a6 4. Ba4 Nf6 5. Nc3 b5 6. Bb3 Be7 7. a4 b4 8. Nd5
d6 9. d4 O-O 10. O-O Bg4 11. Nxf6+ Bxf6 12. Bd5 Bxf3 13. gxf3 Qd7 14. dxe5 Nxe5
15. f4 Nc6 16. Kh1 Rae8 17. Qd3 a5 18. c3 bxc3 19. bxc3 Nb4 20. cxb4 Bxa1 21.
b5 g6 22. Bd2 Bg7 23. Rc1 Qg4 24. h3 Qh4 25. Qg3 Qh5 26. Qg4 Qxg4 27. hxg4 Bd4
28. Rxc7 Bb6 29. Rc6 Rb8 30. Rxb6 Rxb6 31. Bxa5 Rbb8 32. Bc7 Rbc8 33. Bxd6 Rfd8
34. e5 Rc1+ 35. Kg2 Ra1 36. b6 Rxa4 37. b7 Rd4 38. Bc6 R4xd6 39. exd6 Rb8 40.
f5 gxf5 41. gxf5 Kg7 42. Kf3 Kf6 43. Ke4 h5 44. Kd5 h4 45. d7 Ke7 46. f6+ Kd8
47. Kd6 h3 48. Bh1 h2 49. Kc6 Rxb7 50. Kxb7 Kxd7 51. Kb6 Kd6 52. Kb5 Ke5 53.
Kc5 Kxf6 54. Kd4 Kf5 55. Ke3 Kg4 56. Ke4 f6 57. Bg2 f5+ 58. Ke5 Kg5 59. f4+ 1-0

[Event "4. Praha Open"]
[Site "Praha CZE"]
[Date "2005.01.17"]
[Round "4.17"]
[White "Srba, Milan"]
[Black "Bores, Miroslav"]
[Result "1-0"]
[WhiteElo "2142"]
[BlackElo "2214"]
[PlyCount "65"]
[EventDate "2005.01.14"]
[EventType "swiss"]
[EventRounds "9"]
[EventCountry "CZE"]
[Source "lmi"]
[SourceDate "2005.01.20"]

1. e4 c5 2. Nf3 d6 3. d4 cxd4 4. Nxd4 Nf6 5. Nc3 a6 6. Be2 e6 7. f4 Qc7 8. O-O
Nbd7 9. Kh1 b5 10. Bf3 b4 11. e5 d5 12. Nce2 Ne4 13. Bxe4 dxe4 14. Ng3 Bb7 15.
f5 Qxe5 16. fxe6 fxe6 17. Bf4 Qd5 18. Qg4 Nc5 19. Rad1 O-O-O 20. Nb5 axb5 21.
Rxd5 Rxd5 22. h4 h5 23. Qg6 Bd6 24. Nxe4 Bxf4 25. Nxc5 Rxc5 26. Qxe6+ Kb8 27.
Rxf4 Rxc2 28. Qd6+ Ka8 29. Rf7 Re8 30. Qxb4 Bxg2+ 31. Kg1 Bb7 32. Qa5+ Kb8 33.
Rxb7+ 1-0

[Event "4. Praha Open"]
[Site "Praha CZE"]
[Date "2005.01.17"]
[Round "4.25"]
[White "Boehm, Tomas"]
[Black "Leks, Hanna"]
[Result "0-1"]
[WhiteElo "2123"]
[BlackElo "2170"]
[PlyCount "52"]
[EventDate "2005.01.14"]
[EventType "swiss"]
[EventRounds "9"]
[EventCountry "CZE"]
[Source "lmi"]
[SourceDate "2005.01.20"]

1. e4 c5 2. Nf3 d6 3. d4 cxd4 4. Nxd4 Nf6 5. Nc3 Nc6 6. Be2 e5 7. Nb3 Be7 8.
Bg5 Be6 9. Bxf6 Bxf6 10. Nd5 Bxd5 11. exd5 Nb8 12. Qd3 O-O 13. O-O-O a5 14. Kb1
Na6 15. Nd2 Nc5 16. Qf3 e4 17. Qe3 Re8 18. h4 Rc8 19. g4 Bxb2 20. Kxb2 f6 21.
Ka3 Nd3 22. cxd3 exd3 23. Qb6 dxe2 24. Rde1 a4 25. Nb1 Rc3+ 26. Kb4 Re4+ 0-1

[Event "4. Praha Open"]
[Site "Praha CZE"]
[Date "2005.01.17"]
[Round "4.29"]
[White "Holusova, Tana"]
[Black "Kucera, Tomas"]
[Result "1-0"]
[WhiteElo "2127"]
[BlackElo "2008"]
[PlyCount "48"]
[EventDate "2005.01.14"]
[EventType "swiss"]
[EventRounds "9"]
[EventCountry "CZE"]
[Source "lmi"]
[SourceDate "2005.01.20"]

1. e4 c5 2. Nf3 Nc6 3. d4 cxd4 4. Nxd4 Nf6 5. Nc3 e5 6. Ndb5 d6 7. Bg5 a6 8.
Na3 b5 9. Bxf6 gxf6 10. Nd5 f5 11. c3 Bg7 12. exf5 Bxf5 13. Nc2 O-O 14. Nce3
Be6 15. Bd3 f5 16. O-O Qg5 17. Nc7 Rae8 18. Nxe8 Rxe8 19. Bxf5 Bxf5 20. Nxf5
Qxf5 21. Qd5+ Re6 22. Qxc6 Rh6 23. Qd5+ Kh8 24. a4 Qf4 1-0

[Event "4. Praha Open"]
[Site "Praha CZE"]
[Date "2005.01.17"]
[Round "5.1"]
[White "Orlov, Andrey"]
[Black "Sergeeva, Maria"]
[Result "1/2-1/2"]
[WhiteElo "2403"]
[BlackElo "2312"]
[PlyCount "29"]
[EventDate "2005.01.14"]
[EventType "swiss"]
[EventRounds "9"]
[EventCountry "CZE"]
[Source "lmi"]
[SourceDate "2005.01.20"]

1. e4 c5 2. Nc3 Nc6 3. g3 g6 4. Bg2 Bg7 5. d3 d6 6. Be3 e5 7. Qd2 Nge7 8. Bh6
O-O 9. Bxg7 Kxg7 10. Nge2 Be6 11. O-O Rb8 12. f4 f6 13. a4 a6 14. Rf2 b5 15.
axb5 1/2-1/2

[Event "4. Praha Open"]
[Site "Praha CZE"]
[Date "2005.01.17"]
[Round "5.6"]
[White "Popchev, Milko"]
[Black "Skjoldborg, Jesper"]
[Result "1-0"]
[WhiteElo "2442"]
[BlackElo "2274"]
[PlyCount "68"]
[EventDate "2005.01.14"]
[EventType "swiss"]
[EventRounds "9"]
[EventCountry "CZE"]
[Source "lmi"]
[SourceDate "2005.01.20"]

1. Nc3 e5 2. e4 Nf6 3. g3 d5 4. exd5 Nxd5 5. Bg2 Nxc3 6. bxc3 Nc6 7. d3 Be6 8.
Nf3 Qd7 9. Qe2 f6 10. O-O O-O-O 11. Re1 Bd5 12. Be3 Ba3 13. Rab1 e4 14. dxe4
Bxa2 15. Qb5 Bxb1 16. Rxb1 Rde8 17. Qxb7+ Kd8 18. Nd4 Nxd4 19. cxd4 Ke7 20. Qb3
Bd6 21. e5 fxe5 22. dxe5 Bxe5 23. Bxa7 Kf8 24. Qc4 g6 25. Bc6 Qe6 26. Bd5 Qc8
27. Rb7 Qd8 28. Bd4 Qe7 29. Bc5 Bd6 30. Bxd6 Qxd6 31. Rxc7 Re7 32. Qc3 Re1+ 33.
Qxe1 Qxc7 34. Qa1 Qg7 1-0

[Event "4. Praha Open"]
[Site "Praha CZE"]
[Date "2005.01.17"]
[Round "5.8"]
[White "Simacek, Pavel"]
[Black "Szegi, Tomas"]
[Result "1/2-1/2"]
[WhiteElo "2432"]
[BlackElo "2230"]
[PlyCount "58"]
[EventDate "2005.01.14"]
[EventType "swiss"]
[EventRounds "9"]
[EventCountry "CZE"]
[Source "lmi"]
[SourceDate "2005.01.20"]

1. e4 c5 2. Nf3 e6 3. d3 d6 4. g3 Nc6 5. Bg2 g6 6. O-O Bg7 7. c3 Nge7 8. Nbd2
O-O 9. a4 Rb8 10. Re1 a6 11. Nf1 b5 12. axb5 axb5 13. d4 b4 14. Bg5 h6 15. Be3
cxd4 16. cxd4 d5 17. e5 Nf5 18. N1d2 f6 19. Bf4 Rb6 20. Nb3 g5 21. exf6 Qxf6
22. Bc7 Ra6 23. Rxa6 Bxa6 24. Kh1 Bc4 25. Nc5 Nfxd4 26. Nd7 Qf5 27. Nxf8 Kxf8
28. Bb6 Nc2 29. Rg1 Bxb2 1/2-1/2

[Event "4. Praha Open"]
[Site "Praha CZE"]
[Date "2005.01.17"]
[Round "5.27"]
[White "Broekman, Willem"]
[Black "Kettenburg, Stefan"]
[Result "0-1"]
[WhiteElo "2143"]
[BlackElo "2030"]
[PlyCount "48"]
[EventDate "2005.01.14"]
[EventType "swiss"]
[EventRounds "9"]
[EventCountry "CZE"]
[Source "lmi"]
[SourceDate "2005.01.20"]

1. d4 d5 2. c4 e6 3. Nc3 Nf6 4. Bg5 Be7 5. cxd5 exd5 6. e3 c6 7. Qc2 O-O 8. Bd3
Nbd7 9. Nf3 Re8 10. O-O Nf8 11. Rab1 a5 12. a3 Ng6 13. b4 axb4 14. axb4 Ne4 15.
Bxe7 Qxe7 16. b5 Nxc3 17. Qxc3 Bg4 18. Bxg6 Bxf3 19. Bd3 Qg5 20. g3 Re6 21.
bxc6 Qh5 22. h4 Rxc6 23. Qb2 Qg4 24. Rbc1 Qh3 0-1

[Event "4. Praha Open"]
[Site "Praha CZE"]
[Date "2005.01.17"]
[Round "5.31"]
[White "Zakoucka, Adela"]
[Black "Grete, Mogens"]
[Result "1/2-1/2"]
[WhiteElo "2021"]
[BlackElo "2101"]
[PlyCount "39"]
[EventDate "2005.01.14"]
[EventType "swiss"]
[EventRounds "9"]
[EventCountry "CZE"]
[Source "lmi"]
[SourceDate "2005.01.20"]

1. e4 e5 2. Nf3 Nc6 3. Bb5 Nf6 4. O-O Be7 5. d4 exd4 6. e5 Ne4 7. Nxd4 O-O 8.
Re1 Nxd4 9. Qxd4 d5 10. exd6 Nxd6 11. Ba4 Bf6 12. Qd1 Bd7 13. Bb3 Bc6 14. c3
Ne4 15. Be3 Qxd1 16. Rxd1 Rfe8 17. Nd2 Nxd2 18. Rxd2 Rad8 19. Rxd8 Rxd8 20. Rd1
1/2-1/2

[Event "4. Praha Open"]
[Site "Praha CZE"]
[Date "2005.01.18"]
[Round "6.1"]
[White "Meduna, Eduard"]
[Black "Orlov, Andrey"]
[Result "1-0"]
[WhiteElo "2435"]
[BlackElo "2403"]
[PlyCount "67"]
[EventDate "2005.01.14"]
[EventType "swiss"]
[EventRounds "9"]
[EventCountry "CZE"]
[Source "lmi"]
[SourceDate "2005.01.20"]

1. d4 d6 2. c4 e5 3. Nf3 exd4 4. Nxd4 Nf6 5. Nc3 Be7 6. g3 O-O 7. Bg2 c6 8. O-O
a5 9. e4 Na6 10. Nf5 Nc7 11. Bf4 Bxf5 12. exf5 d5 13. Bxc7 Qxc7 14. cxd5 cxd5
15. Bxd5 Bb4 16. Rc1 Rad8 17. Qf3 b6 18. Bb3 Qb8 19. Rfe1 Bc5 20. Re2 h6 21.
Rce1 Rde8 22. Kg2 Rxe2 23. Rxe2 Re8 24. Rd2 Rd8 25. Nd5 Nxd5 26. Bxd5 Rd6 27.
Qe4 Qd8 28. a3 Kh8 29. Rd3 Kg8 30. f6 Kh8 31. fxg7+ Kxg7 32. h4 Rd7 33. Qg4+
Kh8 34. Be4 1-0

[Event "4. Praha Open"]
[Site "Praha CZE"]
[Date "2005.01.18"]
[Round "6.3"]
[White "Van Der Weide, Karel"]
[Black "Pel, Bonno"]
[Result "1-0"]
[WhiteElo "2490"]
[BlackElo "2308"]
[PlyCount "43"]
[EventDate "2005.01.14"]
[EventType "swiss"]
[EventRounds "9"]
[EventCountry "CZE"]
[Source "lmi"]
[SourceDate "2005.01.20"]

1. e4 d6 2. d4 g6 3. Nc3 Nf6 4. f4 Bg7 5. Nf3 O-O 6. Bd3 Na6 7. O-O c5 8. d5
Rb8 9. f5 Nc7 10. fxg6 fxg6 11. a4 a6 12. Bg5 Bg4 13. Qd2 Nd7 14. Be2 Qe8 15.
Kh1 Kh8 16. a5 b5 17. axb6 Rxb6 18. b3 Nf6 19. Rae1 Rb4 20. Bc4 Qd7 21. Na2 Rb7
22. Nc1 1-0

[Event "4. Praha Open"]
[Site "Praha CZE"]
[Date "2005.01.18"]
[Round "6.4"]
[White "Voloshin, Leonid"]
[Black "Priborsky, Jan"]
[Result "1-0"]
[WhiteElo "2464"]
[BlackElo "2305"]
[PlyCount "63"]
[EventDate "2005.01.14"]
[EventType "swiss"]
[EventRounds "9"]
[EventCountry "CZE"]
[Source "lmi"]
[SourceDate "2005.01.20"]

1. c4 Nf6 2. d4 g6 3. Nc3 d5 4. Bg5 Ne4 5. Bf4 Nxc3 6. bxc3 Bg7 7. cxd5 Qxd5 8.
Qb3 Qxb3 9. axb3 c5 10. e3 Nc6 11. Nf3 O-O 12. Be2 Re8 13. O-O cxd4 14. cxd4 e5
15. Nxe5 Nxe5 16. Bxe5 Bxe5 17. dxe5 Rxe5 18. Rfc1 a6 19. Rc7 Rb8 20. Bc4 Be6
21. Bxe6 Rxe6 22. Rd1 Rb6 23. Rd3 h5 24. g3 Rc6 25. Re7 b5 26. Rdd7 Rf6 27. e4
Rc8 28. e5 Rf5 29. f4 Rc3 30. Re8+ Kg7 31. Rdd8 f6 32. Re7+ 1-0

[Event "4. Praha Open"]
[Site "Praha CZE"]
[Date "2005.01.18"]
[Round "6.6"]
[White "Priborsky, Ivo"]
[Black "Adler, Viktor"]
[Result "0-1"]
[WhiteElo "2193"]
[BlackElo "2399"]
[PlyCount "92"]
[EventDate "2005.01.14"]
[EventType "swiss"]
[EventRounds "9"]
[EventCountry "CZE"]
[Source "lmi"]
[SourceDate "2005.01.20"]

1. e4 c5 2. Nf3 Nc6 3. d4 cxd4 4. Nxd4 Qb6 5. Nb3 Nf6 6. Nc3 e6 7. Bd3 Be7 8.
O-O d6 9. Be3 Qc7 10. a4 O-O 11. a5 Ne5 12. h3 Bd7 13. Qe2 Rfc8 14. Nd4 a6 15.
f4 Nc4 16. Bxc4 Qxc4 17. Qf3 Be8 18. e5 Nd7 19. exd6 Bxd6 20. Ne4 Be7 21. c3
Qc7 22. Kh1 Rab8 23. Bg1 b6 24. axb6 Rxb6 25. Qe2 Qb7 26. b4 Nf6 27. Nxf6+ Bxf6
28. Rfc1 Rd6 29. Kh2 g6 30. Bf2 h5 31. Kg1 Qc7 32. Nf3 Bb5 33. Qe4 Bc6 34. Qe3
Ba8 35. Rab1 Qb7 36. c4 Rd4 37. c5 Rxb4 38. Rxb4 Qxb4 39. Ne5 Qb5 40. Qd2 Rd8
41. Qc2 Qb4 42. c6 Qxf4 43. c7 Rc8 44. Nd7 Bd4 45. Nb6 Rxc7 46. Nc4 Rxc4 0-1

[Event "4. Praha Open"]
[Site "Praha CZE"]
[Date "2005.01.18"]
[Round "6.8"]
[White "Szegi, Tomas"]
[Black "Sergeev, Vladimir"]
[Result "1-0"]
[WhiteElo "2230"]
[BlackElo "2438"]
[PlyCount "105"]
[EventDate "2005.01.14"]
[EventType "swiss"]
[EventRounds "9"]
[EventCountry "CZE"]
[Source "lmi"]
[SourceDate "2005.01.20"]

1. e4 Nf6 2. e5 Nd5 3. d4 d6 4. Nf3 Bg4 5. Bc4 dxe5 6. h3 Bxf3 7. Qxf3 e6 8.
dxe5 Nd7 9. Qg3 c6 10. O-O Qc7 11. Re1 Ne7 12. Nd2 Nf5 13. Qc3 Qb6 14. Qb3 Nd4
15. Qd3 Rd8 16. c3 Nf5 17. Qc2 Be7 18. Nf3 h6 19. Bd3 Nh4 20. Nd4 c5 21. Nb5
Qc6 22. Bf1 Nxg2 23. Nd6+ Bxd6 24. Bxg2 Qb6 25. exd6 Qxd6 26. Bxb7 O-O 27. Qe2
Qc7 28. Bg2 e5 29. b4 Kh7 30. bxc5 Qxc5 31. c4 f5 32. a4 Rf7 33. Bd5 Rf6 34.
Be3 Qc7 35. Kh1 Rdf8 36. Rg1 Nb6 37. Bxb6 axb6 38. Qe3 Kh8 39. Rab1 e4 40. a5
f4 41. Qxe4 Qd7 42. Qf3 Qa7 43. Qg4 g6 44. Rxb6 Rxb6 45. axb6 Qxb6 46. Qe6 Qxe6
47. Bxe6 Re8 48. Bd5 Re2 49. Kg2 Rc2 50. Re1 Kg7 51. Re6 Rc3 52. Rc6 h5 53. Bf3
1-0

[Event "4. Praha Open"]
[Site "Praha CZE"]
[Date "2005.01.18"]
[Round "6.14"]
[White "Toman, Jaroslav"]
[Black "Trichkov, Vasil"]
[Result "1-0"]
[WhiteElo "2134"]
[BlackElo "2340"]
[PlyCount "53"]
[EventDate "2005.01.14"]
[EventType "swiss"]
[EventRounds "9"]
[EventCountry "CZE"]
[Source "lmi"]
[SourceDate "2005.01.20"]

1. e4 c5 2. Nf3 d6 3. d4 Nf6 4. Nc3 cxd4 5. Nxd4 a6 6. Be2 e5 7. Nb3 Be6 8. f4
Qc7 9. g4 exf4 10. g5 Nfd7 11. Bxf4 Nc6 12. Qd2 Nce5 13. Nd4 Qa5 14. Nxe6 fxe6
15. h4 Be7 16. O-O-O O-O 17. Kb1 Rac8 18. h5 Rxc3 19. bxc3 Nc5 20. Rh3 Nxe4 21.
Qe3 Qa4 22. Rd4 Nc4 23. Bxc4 d5 24. Qxe4 dxe4 25. Bxe6+ Kh8 26. Rxa4 Rxf4 27.
Rc4 1-0

[Event "4. Praha Open"]
[Site "Praha CZE"]
[Date "2005.01.18"]
[Round "6.28"]
[White "Rakous, Pavel"]
[Black "Kaplan, Daniel"]
[Result "1/2-1/2"]
[WhiteElo "2053"]
[BlackElo "2118"]
[PlyCount "37"]
[EventDate "2005.01.14"]
[EventType "swiss"]
[EventRounds "9"]
[EventCountry "CZE"]
[Source "lmi"]
[SourceDate "2005.01.20"]

1. e4 e5 2. Nf3 Nc6 3. Nc3 Nf6 4. d4 exd4 5. Nd5 h6 6. Bf4 d6 7. Nxd4 Bd7 8.
Bc4 Be7 9. O-O O-O 10. Nxe7+ Qxe7 11. f3 Ne5 12. Be2 Ng6 13. Bc1 Rae8 14. c3 d5
15. exd5 Nxd5 16. Rf2 Ndf4 17. Bf1 c5 18. Ne2 Nh5 19. Qd5 1/2-1/2

[Event "4. Praha Open"]
[Site "Praha CZE"]
[Date "2005.01.18"]
[Round "6.32"]
[White "Janocko, Petr"]
[Black "Andersen, Daniel"]
[Result "1/2-1/2"]
[WhiteElo "2159"]
[BlackElo "2042"]
[PlyCount "66"]
[EventDate "2005.01.14"]
[EventType "swiss"]
[EventRounds "9"]
[EventCountry "CZE"]
[Source "lmi"]
[SourceDate "2005.01.20"]

1. Nf3 Nf6 2. d4 g6 3. c4 Bg7 4. Nc3 d5 5. Bf4 c5 6. e3 cxd4 7. Nxd4 O-O 8. Qb3
dxc4 9. Bxc4 Qa5 10. Bxb8 Rxb8 11. Nc6 bxc6 12. Qxb8 Bh3 13. Qg3 Ne4 14. Qxh3
Bxc3+ 15. Ke2 Bxb2 16. Rad1 Nc3+ 17. Kf3 Nxd1 18. Rxd1 e6 19. Rd7 Rd8 20. Bxe6
Rxd7 21. Bxd7 Qd5+ 22. Kg3 c5 23. Qg4 Qxa2 24. Bb5 Be5+ 25. f4 Bf6 26. Qc8+ Kg7
27. Qxc5 Qa5 28. Qc4 Qc3 29. Qxc3 Bxc3 30. Ba6 f5 31. Kf3 Kf6 32. g4 h6 33.
gxf5 gxf5 1/2-1/2

[Event "4. Praha Open"]
[Site "Praha CZE"]
[Date "2005.01.18"]
[Round "6.33"]
[White "Koper, Stefan"]
[Black "Petrak, Robert"]
[Result "1-0"]
[WhiteElo "2050"]
[BlackElo "2148"]
[PlyCount "37"]
[EventDate "2005.01.14"]
[EventType "swiss"]
[EventRounds "9"]
[EventCountry "CZE"]
[Source "lmi"]
[SourceDate "2005.01.20"]

1. d4 d5 2. c4 c6 3. cxd5 cxd5 4. Nc3 Nf6 5. Nf3 g6 6. Bf4 Nc6 7. e3 Bg7 8. h3
O-O 9. Bb5 Qb6 10. Bxc6 Qxc6 11. O-O Bf5 12. Ne5 Qa6 13. Qb3 Rac8 14. Nxd5 Ne4
15. Nxe7+ Kh8 16. Nxc8 Rxc8 17. Nxf7+ Kg8 18. Nh6+ Kf8 19. Qf7# 1-0

[Event "4. Praha Open"]
[Site "Praha CZE"]
[Date "2005.01.18"]
[Round "6.40"]
[White "Galochkin, Sergei"]
[Black "Kucera, Tomas"]
[Result "1/2-1/2"]
[WhiteElo "2085"]
[BlackElo "2008"]
[PlyCount "50"]
[EventDate "2005.01.14"]
[EventType "swiss"]
[EventRounds "9"]
[EventCountry "CZE"]
[Source "lmi"]
[SourceDate "2005.01.20"]

1. e4 e6 2. d4 d5 3. Nc3 Be7 4. Nf3 Nf6 5. e5 Nfd7 6. Bd3 c5 7. dxc5 Nc6 8. Bf4
Nxc5 9. O-O Nxd3 10. cxd3 O-O 11. Bg3 a6 12. Rc1 Bd7 13. Ne2 Rc8 14. a3 Qb6 15.
Qd2 Na5 16. Rxc8 Rxc8 17. Rc1 Rxc1+ 18. Qxc1 Nc6 19. Qc3 Qa5 20. Qxa5 Nxa5 21.
Ned4 Ba4 22. Kf1 Nb3 23. Nxb3 Bxb3 24. Ke2 Kf8 25. Bf4 h6 1/2-1/2

[Event "4. Praha Open B"]
[Site "Praha CZE"]
[Date "2005.01.14"]
[Round "1.3"]
[White "Friedel, Marcus"]
[Black "Kosov, Igor"]
[Result "1-0"]
[WhiteElo "2118"]
[BlackElo "1750"]
[PlyCount "99"]
[EventDate "2005.01.14"]
[EventType "swiss"]
[EventRounds "9"]
[EventCountry "CZE"]
[Source "lmi"]
[SourceDate "2005.01.20"]

1. e4 Nf6 2. e5 Nd5 3. c4 Nb6 4. c5 Nd5 5. Bc4 e6 6. Nc3 Nxc3 7. dxc3 Bxc5 8.
Qg4 Bf8 9. Nf3 d6 10. Bg5 Qd7 11. O-O-O Qa4 12. Rd4 Nc6 13. Bb3 Qb5 14. Re1 d5
15. Rd2 Bd7 16. c4 Qb4 17. Red1 h6 18. Qh4 Be7 19. Bxe7 Nxe7 20. cxd5 Qxh4 21.
Nxh4 exd5 22. Bxd5 Nxd5 23. Rxd5 Bc6 24. R5d4 O-O 25. f4 Rae8 26. Nf3 f6 27.
exf6 Rxf6 28. R1d3 Re2 29. Rd2 Rxd2 30. Kxd2 Rf5 31. Ke3 Rb5 32. Rd2 Ra5 33. a3
Rb5 34. Nd4 Rc5 35. Nxc6 Rxc6 36. Ke4 Kf7 37. Rd7+ Kf6 38. Rd2 Re6+ 39. Kf3 c5
40. Rd7 Rb6 41. Rd2 a5 42. Ke4 Rc6 43. Kd5 Rc8 44. Rc2 Rd8+ 45. Ke4 Rd4+ 46.
Ke3 b6 47. g3 Kf5 48. Rc3 Re4+ 49. Kf3 c4 50. g4+ 1-0